|
|
|
|
| LEADER |
00000nam0a2200000 4500 |
| 001 |
103038 |
| 005 |
20231031113213.0 |
| 035 |
|
|
|a (RuTPU)RU\TPU\book\111095
|
| 090 |
|
|
|a 103038
|
| 100 |
|
|
|a 20061011d1981 km y0rusy50 ca
|
| 101 |
0 |
|
|a rus
|
| 102 |
|
|
|a RU
|
| 105 |
|
|
|a y a 001zy
|
| 200 |
1 |
|
|a Антимонид кадмия
|e библиографический указатель
|f В. Ф. Пономарев, О. Н. Маник, А. А. Ащеулов
|g Академия наук СССР (АН СССР), Институт общей и неорганической химии им. Н. С. Курнакова (ИОНХ) ; под ред. С. Ф. Маренкина, И. М. Раренко
|
| 210 |
|
|
|a Москва
|d 1981
|
| 215 |
|
|
|a 62 с.
|
| 320 |
|
|
|a Указ. в конце кн.: с. 49 - 62
|
| 610 |
1 |
|
|a библиографические указатели
|
| 610 |
1 |
|
|a полупроводники
|
| 610 |
1 |
|
|a антимонид кадмия
|
| 610 |
1 |
|
|a полупроводниковые соединения
|
| 610 |
1 |
|
|a монокристаллы
|
| 610 |
1 |
|
|a исследование
|
| 610 |
1 |
|
|a применение
|
| 675 |
|
|
|a 661.84
|v 3
|
| 686 |
|
|
|a Я19:661
|v LBC/SL-A
|2 rubbk
|
| 700 |
|
1 |
|a Пономарев
|b В. Ф.
|
| 701 |
|
1 |
|a Маник
|b О. Н.
|
| 701 |
|
1 |
|a Ащеулов
|b А. А.
|
| 702 |
|
1 |
|a Маренкин
|b С. Ф.
|4 340
|
| 702 |
|
1 |
|a Раренко
|b И. М.
|4 340
|
| 712 |
0 |
2 |
|a Академия наук СССР (АН СССР)
|b Институт общей и неорганической химии им. Н. С. Курнакова (ИОНХ)
|c (Москва)
|2 stltpush
|3 (RuTPU)RU\TPU\col\11794
|
| 801 |
|
1 |
|a RU
|b 63413507
|c 20061011
|g PSBO
|
| 801 |
|
2 |
|a RU
|b 63413507
|c 20111020
|g PSBO
|
| 942 |
|
|
|c BK
|